000 00673nam a22002177a 4500
005 20251108170954.0
008 250721s2001 xx 000 0 ara d
082 1 4 _a302.2/نصر
100 1 _aنصر الله، عمر عبد الرحيم
245 1 0 _aمبادئ الإتصال التربوي و الإنساني /
264 1 _aعمان :
_bدار وائل للنشر،
_c2001.
300 _a350ص.
650 1 7 _aالإتصال
650 1 7 _aالإتصال بين الأفراد
650 1 7 _aالتعلم
650 1 7 _aعملية الإتصال
650 1 7 _aالتربية
650 1 7 _aالإتصال التربوي
942 _2ddc
_cBK
999 _c53395
_d53395